000
00433nam a2200157Ia 4500
008
090124s9999 xx 000 0 und d
082
_b
202601
245
_a
शततारका
250
_a
1
260
_b
जोशी बंडू गणपती
_c
1980
300
_a
99+11
630
_a
शततारका
700
_a
जोशी बंडू गणपती
730
_a
शततारका
942
_c
BOOK
999
_c
184182
_d
184182